Character strength development: perspectives from positive psychology (Record no. 2328)

MARC details
000 -LEADER
fixed length control field 00484nam a2200169Ia 4500
008 - FIXED-LENGTH DATA ELEMENTS--GENERAL INFORMATION
fixed length control field 230917s9999||||xx |||||||||||||| ||und||
020 ## - ISBN
Price RS 1150.00
040 ## - CATALOGING SOURCE
-- 5002207
Original cataloging agency VIVEKANANDA LIBRARY
041 ## - Language
-- English
082 ## - DDC NUMBER
Classification number 155.5 K96C
100 ## - MAIN ENTRY--PERSONAL NAME
Personal name Kumar P, Aneesh
245 #0 - TITLE STATEMENT
Title Character strength development: perspectives from positive psychology
260 ## - PUBLICATION, DISTRIBUTION, ETC. (IMPRINT)
Place of publication, distribution, etc New Delhi
Name of publisher, distributor, etc Sage
Date of publication, distribution, etc 2018
300 ## - PHYSICAL DESCRIPTION
Pages xvii, 410 p.
500 ## - GENERAL NOTE
General note 4081 28/09/2021 HBD22/8951 12/11/2021 Main Budget
942 ## - ADDED ENTRY ELEMENTS (KOHA)
Koha item type Books
Holdings
Withdrawn status Lost status Damaged status Not for loan Location (home branch) Sublocation or collection (holding branch) Date acquired Koha issues (times borrowed) Koha full call number Accession No. Koha date last seen Koha item type
        VIVEKANANDA LIBRARY VIVEKANANDA LIBRARY 13/01/2022 1 155.5 K96C 397998 26/11/2024 Books
© Designed and Maintained by Vivekananda Library, MDU Rohtak